Top 25 Playboi Carti Songs - Statistics

General Stats
  • This quiz has been taken 274 times
  • The average score is 14 of 25
Answer Stats
# Album Score Answer % Correct
4 Playboi Carti 92 Magnolia
92%
1 Die Lit 93 R.I.P
85%
10 Whole Lotta Red 88 Sky
85%
2 Playboi Carti 93 Location
84%
5 Die Lit 92 Shoota
80%
3 Die Lit 92 Long Time
75%
7 Playboi Carti 89 wokeuplikethis
72%
9 Whole Lotta Red 88 Stop Breathing
62%
15 Whole Lotta Red 85 Rockstar Made
56%
12 Die Lit 86 Fell in Luv
55%
20 Whole Lotta Red 83 New Tank
55%
16 Whole Lotta Red 85 ILoveUIHateU
52%
8 Die Lit 89 Lean 4 Real
52%
24 Whole Lotta Red 82 Over
52%
14 Die Lit 85 FlatBed Freestyle
50%
22 Die Lit 83 Foreign
49%
23 Die Lit 83 Love Hurts
49%
19 Playboi Carti 84 Flex
47%
11 Playboi Carti 87 New Choppa
44%
13 Die Lit 85 R.I.P Fredo
44%
21 Die Lit 83 Mileage
41%
17 Die Lit 85 Choppa Won't Miss
39%
18 Whole Lotta Red 84 On That Time
37%
25 Die Lit 82 Right Now
34%
6 PLAYBOIFRESH 91 Fetti
13%
No matching quizzes found
Score Distribution
Percent of People with Each Score
Percentile by Number Answered
Your Score History
You have not taken this quiz